Wachowski-Sisters Movies - Statistics

General Stats
  • This quiz has been taken 25 times
  • The average score is 5 of 8
Answer Stats
Release Year Answer % Correct
1999 The Matrix
100%
2003 The Matrix Reloaded
94%
2003 The Matrix Revolutions
78%
2008 Speed Racer
50%
2012 (with Tykwer) Cloud Atlas
44%
2015 Jupiter Ascending
39%
1996 Bound
28%
2021 The Matrix Ressurections
17%
No matching quizzes found
Score Distribution
Percent of People with Each Score
Percentile by Number Answered
Your Score History
You have not taken this quiz